[Event "BAN Walton 1st League"]
[Site "Dhaka"]
[Date "2018.10.25"]
[Round "1.1"]
[White "Abdul, Khalek"]
[Black "Chowdhury, Amdadul Kabir"]
[Result "1/2-1/2"]
[WhiteElo "1825"]
[BlackElo "1756"]
[PlyCount "42"]
[EventDate "2018.10.25"]
[EventType "team-tourn"]
[EventRounds "11"]
[EventCountry "BAN"]
[SourceTitle "CBM 187 Extra"]
[Source "ChessBase"]
[SourceDate "2018.11.04"]
[SourceVersion "1"]
[SourceVersionDate "2018.11.04"]
[SourceQuality "1"]
[WhiteTeam "Kasparov CC"]
[BlackTeam "Basir Memorial"]
[WhiteTeamCountry "BAN"]
[BlackTeamCountry "BAN"]

1. e4 c5 2. Nf3 e6 3. d4 cxd4 4. Nxd4 a6 5. Nc3 d6 6. Be3 Nf6 7. f3 Nbd7 8. Qd2 b5 9. 0-0-0 Bb7 10. Kb1 Be7 11. h4 Rc8 12. g4 Ne5 13. Be2 Nfd7 14. g5 Nb6 15. Rdf1 Qc7 16. h5 Qd7 17. g6 hxg6 18. hxg6 Nxg6 19. Rxh8+ Nxh8 20. Nxe6 Qxe6 21. Bxb6 d5 1/2-1/2

[Event "BAN-chT"]
[Site "Dhaka"]
[Date "2016.11.27"]
[Round "5.1"]
[White "Mohammad, Hasan"]
[Black "Chowdhury, Amdadul Kabir"]
[Result "0-1"]
[WhiteElo "1841"]
[BlackElo "1878"]
[PlyCount "72"]
[EventDate "2016.11.23"]
[EventType "team-tourn"]
[EventRounds "9"]
[EventCountry "BAN"]
[SourceTitle "EXT 2018"]
[Source "ChessBase"]
[SourceDate "2017.10.13"]
[SourceVersion "1"]
[SourceVersionDate "2017.10.13"]
[SourceQuality "1"]
[WhiteTeam "Kasparov CC"]
[BlackTeam "Basir Memorial CC"]
[WhiteTeamCountry "BAN"]
[BlackTeamCountry "BAN"]

1. d4 g6 2. Nf3 Bg7 3. e4 e6 4. Bd3 c6 5. c3 d5 6. e5 Nd7 7. Ng5 Ne7 8. Qf3 0-0 9. h4 h6 10. Qh3 c5 11. Nd2 cxd4 12. cxd4 Qb6 13. Nb3 Nc6 14. Be3 hxg5 15. hxg5 Re8 16. Qh7+ Kf8 17. Rh3 Qb4+ 18. Bd2 Qe7 19. a3 a5 20. Rc1 Ndxe5 21. dxe5 Nxe5 22. Bb5 Bd7 23. Bxd7 Nxd7 24. Nxa5 b6 25. Nc6 Qd6 26. Rf3 e5 27. Rf6 Re6 28. Kf1 Rc8 29. Bb4 Nc5 30. Nxe5 Qxe5 31. Re1 Qxg5 32. Rfxe6 fxe6 33. Bd2 Qxd2 34. Rxe6 Kf7 35. Qxg6+ Kf8 36. Rxb6 Qd1# 0-1